Wszystkie Drużyny TOP 5 Lig 2021-22 - Statystyki

Ogólne statystyki
  • Ten quiz został rozwiązany 209 razy
  • Średni wynik to 42 z 98
Statystyki odpowiedzi
Liga Drużyna % Poprawnych
Premier League Manchester City
93%
Premier League Chelsea
91%
Premier League Liverpool
91%
Premier League Manchester United
91%
Premier League Arsenal
89%
La Liga Real Madryt
87%
La Liga FC Barcelona
83%
Premier League Tottenham
82%
Serie A AC Milan
79%
Bundesliga Bayer
79%
Serie A Juventus
79%
Serie A Inter
77%
La Liga Atletico Madryt
74%
Bundesliga Borussia Dortmund
73%
Ligue 1 PSG
72%
Serie A AS Roma
69%
La Liga Sevilla
69%
Premier League West Ham
68%
Premier League Aston Villa
67%
Bundesliga Bayern
67%
Premier League Leicester
64%
Serie A Napoli
64%
Premier League Everton
62%
La Liga Real Betis
61%
Premier League Brighton
60%
Premier League Southampton
60%
La Liga Valencia
59%
Serie A Lazio
58%
Premier League Leeds
54%
Bundesliga RB Lipsk
54%
La Liga Real Sociedad
54%
La Liga Athletic
53%
Premier League Norwich
52%
Premier League Wolverhampton
51%
Serie A Atalanta
50%
Premier League Crystal Palace
50%
Premier League Newcastle
50%
Premier League Burnley
49%
Serie A Fiorentina
49%
La Liga Villarreal
48%
Ligue 1 AS Monaco
45%
Premier League Brentford
41%
Bundesliga Hertha
41%
La Liga Cadiz
39%
Serie A Torino
39%
Bundesliga Union Berlin
39%
Bundesliga VFL Wolfsburg
39%
Serie A Udinese
38%
Premier League Watford
38%
Bundesliga Borussia Monchengladbach
37%
La Liga Espanyol
37%
Serie A Genoa
37%
La Liga Getafe
37%
Ligue 1 Lille
36%
Serie A Sassuolo
35%
Serie A Hellas
33%
Serie A Sampdoria
33%
Serie A La Spezia
32%
Ligue 1 OGC Nice
32%
Bundesliga Eintracht Frankfurt
31%
La Liga Elche
31%
La Liga Levante
31%
La Liga Mallorca
31%
Ligue 1 Olympique Lyon
31%
Ligue 1 Olympique Marsylia
31%
Serie A Salernitana
29%
Serie A Bologna
28%
La Liga Celta Vigo
28%
La Liga Granada
28%
Bundesliga SC Freiburg
27%
Serie A Venezia
27%
Serie A Cagliari
26%
Serie A Empoli
26%
Bundesliga FC Koln
26%
Ligue 1 RC Lens
26%
Bundesliga VFB Stuttgart
26%
Bundesliga FSV Mainz
25%
La Liga Rayo Vallecano
25%
La Liga Deportivo Alaves
24%
Bundesliga FC Augsburg
24%
Bundesliga VFL Bochum
24%
Bundesliga Hoffenheim
22%
Ligue 1 FC Nantes
21%
Ligue 1 Montpellier
19%
La Liga Osasuna
18%
Ligue 1 FC Lorient
15%
Ligue 1 RC Strasbourg
12%
Ligue 1 Angers
10%
Bundesliga Arminia Bielefeld
10%
Ligue 1 Clermont
10%
Ligue 1 FC Metz
10%
Bundesliga Greuther Furth
10%
Ligue 1 Stade Reims
10%
Ligue 1 Saint-Ettiene
8%
Ligue 1 Troyes
8%
Ligue 1 Brest
7%
Ligue 1 Stade Rennais
6%
Ligue 1 Girondins Bordeaux
4%
Nie znaleziono quizów pasujących do podanych kryteriów
Rozkład punktacji
Procent ludzi z każdym wynikiem
Percentyl według liczby udzielonych odpowiedzi
Twoja historia wyników
Nie rozwiązałeś tego quizu